[Event "Kupreichik Memorial Open 2018"]
[Site "Minsk"]
[Date "2018.06.21"]
[Round "4"]
[White "Mialik, Uladzislau"]
[Black "Terletsky, Oleg"]
[Result "0-1"]
[WhiteElo "1768"]
[BlackElo "2268"]
[Annotator "NA"]
[PlyCount "86"]
[EventDate "2018.06.21"]
[EventCountry "BLR"]
[SourceTitle "playchess.com"]
[Source "ChessBase"]
[SourceQuality "1"]
[TimeControl "900+10"]

1. Nf3 {[%emt 0:00:00]} Nf6 {[%emt 0:00:01]} 2. g3 {[%emt 0:00:00]} g6 {[%emt 0:00:01]} 3. Bg2 {[%emt 0:00:00]} Bg7 {[%emt 0:00:01]} 4. d4 {[%emt 0:00:00]} O-O {[%emt 0:00:03]} 5. O-O {[%emt 0:00:00]} d6 {[%emt 0:00:02]} 6. Re1 {[%emt 0:00:01]} Nbd7 {[%emt 0:00:08]} 7. e4 {[%emt 0:00:02]} e5 {[%emt 0:00:01]} 8. c3 {[%emt 0:00:00]} Re8 {[%emt 0:00:08]} 9. Nbd2 {[%emt 0:00:24]} c6 {[%emt 0:00:19]} 10. Qc2 {[%emt 0:00:47]} b5 {[%emt 0:00:09]} 11. a4 {[%emt 0:00:59]} Bb7 {[%emt 0:00:28]} 12. b3 {[%emt 0:00:47]} a6 {[%emt 0:00:19]} 13. Ba3 {[%emt 0:00:15]} c5 {[%emt 0:00:07]} 14. d5 {[%emt 0:01:15]} Rf8 {[%emt 0:01:43]} 15. Bb2 {[%emt 0:01:16]} Nh5 {[%emt 0:00:04]} 16. axb5 {[%emt 0:00:12]} axb5 {[%emt 0:00:02]} 17. Rxa8 {[%emt 0:00:01]} Bxa8 {[%emt 0:00:02]} 18. Ra1 {[%emt 0:00:17]} f5 {[%emt 0:00:19]} 19. Ra6 {[%emt 0:01:38]} Nb6 {[%emt 0:01:07]} 20. c4 {[%emt 0:00:40]} b4 {[%emt 0:00:36]} 21. Qb1 {[%emt 0:01:03]} Bb7 {[%emt 0:00:18]} 22. Ra7 {[%emt 0:00:10]} Qb8 {[%emt 0:00:12]} 23. Qa1 {[%emt 0:00:22]} Bh6 {[%emt 0:00:25]} 24. Ra5 {[%emt 0:00:46]} Qc7 {[%emt 0:00:41]} 25. Ra7 {[%emt 0:00:36]} Nc8 {[%emt 0:00:22]} 26. Ra5 {[%emt 0:00:13]} Ng7 {[%emt 0:05:55]} 27. Ra2 {[%emt 0:00:20]} Ne7 {[%emt 0:00:50]} 28. Qe1 {[%emt 0:00:59]} Bc8 {[%emt 0:01:36]} 29. Bc1 {[%emt 0:00:50]} Bxd2 {[%emt 0:00:38]} 30. Nxd2 {[%emt 0:02:27]} fxe4 {[%emt 0:00:02]} 31. Nxe4 {[%emt 0:00:02]} Nef5 {[%emt 0:00:02]} 32. f4 {[%emt 0:02:02]} exf4 {[%emt 0:00:28]} 33. Bxf4 {[%emt 0:00:03]} Nh5 {[%emt 0:00:01]} 34. Rf2 {[%emt 0:00:41]} Nxf4 {[%emt 0:00:59]} 35. Rxf4 {[%emt 0:00:01]} Qe7 {[%emt 0:01:41]} 36. Qf1 {[%emt 0:00:45]} h5 {[%emt 0:00:12]} 37. Rf2 {[%emt 0:00:50]} Qe5 {[%emt 0:00:36]} 38. Kh1 {[%emt 0:00:18]} Bd7 {[%emt 0:00:11]} 39. Rf4 {[%emt 0:00:08]} Ra8 {[%emt 0:00:08]} 40. Nf2 {[%emt 0:00:17]} Ne3 {[%emt 0:00:21]} 41. Qd3 {[%emt 0:00:11]} Ra1+ {[%emt 0:00:04]} 42. Nd1 {[%emt 0:00:11]} Rxd1+ {[%emt 0:00:04]} 43. Bf1 {[%emt 0:00:01]} Rxd3 {[%emt 0:00:02]} 0-1

[Event "Kupreichik Memorial Open 2018"]
[Site "Minsk"]
[Date "2018.06.21"]
[Round "4"]
[White "Arlou, Valery"]
[Black "Fedotov, Konstantin"]
[Result "0-1"]
[WhiteElo "1743"]
[BlackElo "2090"]
[Annotator "NA"]
[PlyCount "61"]
[EventDate "2018.06.21"]
[EventCountry "BLR"]
[SourceTitle "playchess.com"]
[Source "ChessBase"]
[SourceQuality "1"]
[TimeControl "900+10"]

1. d4 {[%emt 0:00:00]} Nf6 {[%emt 0:00:01]} 2. Nf3 {[%emt 0:00:04]} c5 {[%emt 0:00:03]} 3. e3 {[%emt 0:00:08]} e6 {[%emt 0:00:06]} 4. Be2 {[%emt 0:00:07]} b6 {[%emt 0:00:16]} 5. O-O {[%emt 0:00:24]} Bb7 {[%emt 0:00:01]} 6. c4 {[%emt 0:00:13]} d5 {[%emt 0:00:05]} 7. cxd5 {[%emt 0:00:09]} exd5 {[%emt 0:00:04]} 8. Bb5+ {[%emt 0:00:40]} Nbd7 {[%emt 0:00:05]} 9. Nc3 {[%emt 0:00:31]} a6 {[%emt 0:00:08]} 10. Bd3 {[%emt 0:01:18]} Be7 {[%emt 0:00:48]} 11. Ne5 {[%emt 0:01:32]} Nxe5 {[%emt 0:00:50]} 12. dxe5 {[%emt 0:00:02]} Ne4 {[%emt 0:00:07]} 13. Bxe4 {[%emt 0:00:45]} dxe4 {[%emt 0:00:04]} 14. Qg4 {[%emt 0:00:04]} Qc7 {[%emt 0:01:52]} 15. Qxg7 {[%emt 0:01:37]} O-O-O {[%emt 0:00:08]} 16. Qg4+ {[%emt 0:00:52]} Kb8 {[%emt 0:00:10]} 17. Qf4 {[%emt 0:00:45]} f5 {[%emt 0:02:08]} 18. exf6 {[%emt 0:00:27]} Bd6 {[%emt 0:02:00]} 19. Qh4 {[%emt 0:00:05]} Rde8 {[%emt 0:00:18]} 20. Bd2 {[%emt 0:00:20]} Be5 {[%emt 0:00:03]} 21. Rad1 {[%emt 0:02:11]} Rhf8 {[%emt 0:00:25]} 22. Bc1 {[%emt 0:00:42]} Bxf6 {[%emt 0:00:30]} 23. Qh6 {[%emt 0:00:46]} Qf7 {[%emt 0:03:29]} 24. Qf4+ {[%emt 0:00:55]} Ka7 {[%emt 0:00:37]} 25. Rd2 {[%emt 0:02:57]} Qg7 {[%emt 0:00:09]} 26. Qg3 {[%emt 0:00:58]} Qh6 {[%emt 0:02:15]} 27. Rd7 {[%emt 0:00:15]} Be5 {[%emt 0:00:38]} 28. Qh3 {[%emt 0:00:18]} Qc6 {[%emt 0:00:57]} 29. Rfd1 {[%emt 0:00:18]} Kb8 {[%emt 0:00:33]} 30. Qh4 {[%emt 0:00:25]} Bf6 {[%emt 0:00:38]} 31. Qg3+ {Rh8} 0-1

[Event "Kupreichik Memorial Open 2018"]
[Site "Minsk"]
[Date "2018.06.21"]
[Round "4"]
[White "Bezenson, Anton"]
[Black "Katashuk, Uladzislau"]
[Result "0-1"]
[WhiteElo "1732"]
[BlackElo "2149"]
[Annotator "NA"]
[PlyCount "58"]
[EventDate "2018.06.21"]
[EventCountry "BLR"]
[SourceTitle "playchess.com"]
[Source "ChessBase"]
[SourceQuality "1"]
[TimeControl "900+10"]

1. Nf3 {[%emt 0:00:00]} f5 {[%emt 0:00:02]} 2. d4 {[%emt 0:00:00]} g6 {[%emt 0:00:02]} 3. c4 {[%emt 0:00:00]} Bg7 {[%emt 0:00:01]} 4. Nc3 {[%emt 0:00:00]} d6 {[%emt 0:00:01]} 5. g3 {[%emt 0:00:19]} Nf6 {[%emt 0:00:03]} 6. Bg2 {[%emt 0:00:02]} O-O {[%emt 0:00:02]} 7. O-O {[%emt 0:00:08]} Nc6 {[%emt 0:00:01]} 8. Re1 {[%emt 0:01:11]} Ne4 {[%emt 0:00:02]} 9. Be3 {[%emt 0:00:52]} e5 {[%emt 0:00:02]} 10. dxe5 {[%emt 0:00:44]} Nxc3 {[%emt 0:00:02]} 11. bxc3 {[%emt 0:00:07]} dxe5 {[%emt 0:00:02]} 12. Qd5+ {[%emt 0:00:15]} Kh8 {[%emt 0:00:01]} 13. Rac1 {[%emt 0:01:21]} Qe8 {[%emt 0:01:38]} 14. Red1 {[%emt 0:00:46]} Be6 {[%emt 0:00:11]} 15. Qb5 {[%emt 0:00:02]} Rb8 {[%emt 0:00:01]} 16. Ng5 {[%emt 0:01:13]} e4 {[%emt 0:00:36]} 17. Bf4 {[%emt 0:02:04]} a6 {[%emt 0:01:08]} 18. Qa4 {[%emt 0:00:58]} Bd7 {[%emt 0:01:50]} 19. Qa3 {[%emt 0:01:34]} h6 {[%emt 0:01:06]} 20. Nh3 {[%emt 0:00:10]} Rc8 {[%emt 0:00:53]} 21. f3 {[%emt 0:03:10]} g5 {[%emt 0:00:23]} 22. Bd2 {[%emt 0:00:39]} e3 {[%emt 0:00:01]} 23. Be1 {[%emt 0:00:02]} Be6 {[%emt 0:00:22]} 24. c5 {[%emt 0:01:08]} f4 {[%emt 0:00:19]} 25. gxf4 {[%emt 0:00:21]} Qh5 {[%emt 0:00:05]} 26. c4 {[%emt 0:01:06]} Bxh3 {[%emt 0:01:00]} 27. Bxh3 {[%emt 0:00:39]} Qxh3 {[%emt 0:00:02]} 28. fxg5 {[%emt 0:00:03]} Be5 {[%emt 0:00:08]} 29. f4 {[%emt 0:00:42]} Bxf4 {[%emt 0:00:17]} 0-1

[Event "Kupreichik Memorial Open 2018"]
[Site "Minsk"]
[Date "2018.06.21"]
[Round "4"]
[White "Beliuga, Mikhail"]
[Black "Svjatocho, Andrej"]
[Result "0-1"]
[WhiteElo "1699"]
[BlackElo "1979"]
[Annotator "NA"]
[PlyCount "54"]
[EventDate "2018.06.21"]
[EventCountry "BLR"]
[SourceTitle "playchess.com"]
[Source "ChessBase"]
[SourceQuality "1"]
[TimeControl "900+10"]

1. Nf3 {[%emt 0:00:00]} f5 {[%emt 0:00:05]} 2. c4 {[%emt 0:00:04]} Nf6 {[%emt 0:00:03]} 3. d3 {[%emt 0:00:03]} d6 {[%emt 0:00:16]} 4. Nc3 {[%emt 0:00:09]} e5 {[%emt 0:00:05]} 5. e4 {[%emt 0:00:26]} Nc6 {[%emt 0:00:08]} 6. Bg5 {[%emt 0:00:12]} Be7 {[%emt 0:01:32]} 7. g3 {[%emt 0:03:37]} O-O {[%emt 0:00:17]} 8. Bg2 {[%emt 0:00:19]} h6 {[%emt 0:00:26]} 9. Bxf6 {[%emt 0:00:33]} Bxf6 {[%emt 0:00:03]} 10. O-O {[%emt 0:01:02]} g5 {[%emt 0:00:15]} 11. Nd5 {[%emt 0:00:29]} Bg7 {[%emt 0:00:02]} 12. h4 {[%emt 0:00:40]} f4 {[%emt 0:01:50]} 13. hxg5 {[%emt 0:01:01]} hxg5 {[%emt 0:00:02]} 14. Nh2 {[%emt 0:00:05]} Nd4 {[%emt 0:00:35]} 15. Qh5 {[%emt 0:01:57]} c6 {[%emt 0:00:19]} 16. Nc3 {[%emt 0:00:13]} Be6 {[%emt 0:01:39]} 17. Ng4 {[%emt 0:03:21]} Bxg4 {[%emt 0:03:24]} 18. Qxg4 {[%emt 0:00:04]} Qf6 {[%emt 0:00:15]} 19. Qh5 {[%emt 0:01:05]} Qh6 {[%emt 0:01:05]} 20. Qg4 {[%emt 0:02:35]} Rf7 {[%emt 0:01:30]} 21. Bh3 {[%emt 0:00:19]} Bf6 {[%emt 0:00:40]} 22. Kg2 {[%emt 0:00:14]} f3+ {[%emt 0:00:22]} 23. Kh2 {[%emt 0:00:01]} Rh7 24. Rh1 Kf7 {[%emt 0:00:19]} 25. Qd7+ {[%emt 0:00:20]} Kg6 {[%emt 0:00:34]} 26. Qg4 {[%emt 0:00:12]} Rah8 {[%emt 0:00:07]} 27. Kg1 Qxh3 {[%emt 0:00:20]} 0-1

[Event "Kupreichik Memorial Open 2018"]
[Site "Minsk"]
[Date "2018.06.21"]
[Round "4"]
[White "Yurau, Maksim"]
[Black "Romanovskij, Nikita"]
[Result "1/2-1/2"]
[WhiteElo "1694"]
[BlackElo "1990"]
[Annotator "NA"]
[PlyCount "45"]
[EventDate "2018.06.21"]
[EventCountry "BLR"]
[SourceTitle "playchess.com"]
[Source "ChessBase"]
[SourceQuality "1"]
[TimeControl "900+10"]

1. e4 {[%emt 0:00:00]} d5 {[%emt 0:00:01]} 2. exd5 {[%emt 0:00:02]} Qxd5 {[%emt 0:00:01]} 3. Nc3 {[%emt 0:00:02]} Qd6 {[%emt 0:00:03]} 4. Nf3 {[%emt 0:00:05]} Nf6 {[%emt 0:00:01]} 5. d4 {[%emt 0:00:28]} c6 {[%emt 0:00:05]} 6. h3 {[%emt 0:01:06]} Bf5 {[%emt 0:00:10]} 7. Bd3 {[%emt 0:00:27]} Bxd3 {[%emt 0:00:07]} 8. Qxd3 {[%emt 0:00:02]} e6 {[%emt 0:00:01]} 9. Bg5 {[%emt 0:00:11]} Nbd7 {[%emt 0:00:12]} 10. O-O {[%emt 0:00:20]} Be7 {[%emt 0:00:03]} 11. Ne4 {[%emt 0:01:40]} Nxe4 {[%emt 0:00:05]} 12. Bxe7 {[%emt 0:00:03]} Qxe7 {[%emt 0:00:05]} 13. Qxe4 {[%emt 0:00:03]} O-O {[%emt 0:00:02]} 14. c4 {[%emt 0:00:14]} Nf6 {[%emt 0:00:04]} 15. Qe2 {[%emt 0:00:06]} Rfd8 {[%emt 0:00:12]} 16. Rfd1 {[%emt 0:00:11]} Qc7 {[%emt 0:00:09]} 17. Qe5 {[%emt 0:02:56]} Qb6 {[%emt 0:00:39]} 18. Rd2 {[%emt 0:00:47]} Qb4 {[%emt 0:01:06]} 19. Qe2 {[%emt 0:00:23]} c5 {[%emt 0:00:13]} 20. Rad1 {[%emt 0:01:37]} cxd4 {[%emt 0:00:34]} 21. Rxd4 {[%emt 0:00:06]} Rxd4 {[%emt 0:00:04]} 22. Rxd4 {[%emt 0:00:05]} Qb6 {[%emt 0:00:43]} 23. Qe5 {[%emt 0:02:48]} 1/2-1/2

[Event "Kupreichik Memorial Open 2018"]
[Site "Minsk"]
[Date "2018.06.21"]
[Round "4"]
[White "Selitski, Aleksandr"]
[Black "Kalugin, Sergey G"]
[Result "0-1"]
[WhiteElo "1678"]
[BlackElo "2334"]
[Annotator "NA"]
[PlyCount "56"]
[EventDate "2018.06.21"]
[EventCountry "BLR"]
[SourceTitle "playchess.com"]
[Source "ChessBase"]
[SourceQuality "1"]
[TimeControl "900+10"]

1. d4 {[%emt 0:00:00]} Nf6 {[%emt 0:00:01]} 2. c4 {[%emt 0:00:00]} g6 {[%emt 0:00:19]} 3. Nc3 {[%emt 0:00:00]} Bg7 {[%emt 0:00:01]} 4. e4 {[%emt 0:00:06]} d6 {[%emt 0:00:01]} 5. Be2 {[%emt 0:00:07]} O-O {[%emt 0:00:02]} 6. Bg5 {[%emt 0:00:06]} Na6 {[%emt 0:00:02]} 7. g4 {[%emt 0:00:42]} Qe8 {[%emt 0:01:11]} 8. h4 {[%emt 0:00:36]} c5 {[%emt 0:00:40]} 9. d5 {[%emt 0:00:11]} e6 {[%emt 0:00:09]} 10. f3 {[%emt 0:00:44]} exd5 {[%emt 0:00:08]} 11. cxd5 {[%emt 0:00:28]} c4 {[%emt 0:03:09]} 12. Nh3 {[%emt 0:02:25]} Nc5 {[%emt 0:00:43]} 13. O-O {[%emt 0:01:02]} b5 {[%emt 0:00:42]} 14. Qd2 {[%emt 0:01:59]} b4 {[%emt 0:03:22]} 15. Nd1 {[%emt 0:00:04]} Nfxe4 {[%emt 0:01:26]} 16. fxe4 {[%emt 0:00:29]} Nxe4 {[%emt 0:00:03]} 17. Qe1 {[%emt 0:01:58]} c3 {[%emt 0:01:21]} 18. bxc3 {[%emt 0:02:20]} bxc3 {[%emt 0:00:02]} 19. Rc1 {[%emt 0:00:31]} Qa4 {[%emt 0:00:36]} 20. Bf3 {[%emt 0:01:08]} Nxg5 {[%emt 0:00:18]} 21. Nxg5 {[%emt 0:00:18]} c2 {[%emt 0:01:30]} 22. Nf2 {[%emt 0:01:24]} Ba6 {[%emt 0:00:02]} 23. Nfe4 {[%emt 0:00:53]} Bxf1 {[%emt 0:00:13]} 24. Qxf1 {[%emt 0:00:11]} h6 {[%emt 0:00:07]} 25. Nh3 {[%emt 0:00:29]} Bb2 {[%emt 0:00:05]} 26. Nxd6 {[%emt 0:00:13]} Rab8 {[%emt 0:01:29]} 27. Be4 {[%emt 0:00:28]} Bxc1 {[%emt 0:00:09]} 28. Qf6 {[%emt 0:00:32]} Bb2 {[%emt 0:00:05]} 0-1

[Event "Kupreichik Memorial Open 2018"]
[Site "Minsk"]
[Date "2018.06.21"]
[Round "4"]
[White "Sukalina, Alina"]
[Black "Kuznetsov, Mikhail V"]
[Result "0-1"]
[WhiteElo "1673"]
[BlackElo "2162"]
[Annotator "NA"]
[PlyCount "60"]
[EventDate "2018.06.21"]
[EventCountry "BLR"]
[SourceTitle "playchess.com"]
[Source "ChessBase"]
[SourceQuality "1"]
[TimeControl "900+10"]

1. d4 {[%emt 0:00:00]} Nf6 {[%emt 0:00:02]} 2. c4 {[%emt 0:00:04]} e6 {[%emt 0:00:03]} 3. Nf3 {[%emt 0:00:04]} d5 {[%emt 0:00:05]} 4. Nc3 {[%emt 0:00:07]} Nbd7 {[%emt 0:00:06]} 5. Bg5 {[%emt 0:00:53]} Bb4 {[%emt 0:00:11]} 6. a3 {[%emt 0:00:11]} Bxc3+ {[%emt 0:00:17]} 7. bxc3 {[%emt 0:00:04]} dxc4 {[%emt 0:00:27]} 8. e4 {[%emt 0:01:40]} b5 {[%emt 0:00:45]} 9. Qb1 {[%emt 0:05:05]} c6 {[%emt 0:00:42]} 10. e5 {[%emt 0:00:43]} h6 {[%emt 0:00:36]} 11. exf6 {[%emt 0:00:07]} hxg5 {[%emt 0:00:41]} 12. fxg7 {[%emt 0:00:01]} Rg8 {[%emt 0:00:05]} 13. Qh7 {[%emt 0:02:03]} Nf6 {[%emt 0:00:06]} 14. Qh6 {[%emt 0:00:48]} Nd5 {[%emt 0:03:47]} 15. Ne5 {[%emt 0:03:45]} Qf6 {[%emt 0:03:46]} 16. Qxf6 {[%emt 0:00:21]} Nxf6 {[%emt 0:00:02]} 17. Nxc6 {[%emt 0:00:20]} Bb7 {[%emt 0:00:14]} 18. Ne5 {[%emt 0:00:33]} Rxg7 {[%emt 0:00:08]} 19. f3 {[%emt 0:00:59]} Nd5 {[%emt 0:00:14]} 20. Kd2 {[%emt 0:00:13]} f6 {[%emt 0:00:16]} 21. Ng4 {[%emt 0:00:05]} a5 {[%emt 0:00:22]} 22. Be2 {[%emt 0:00:15]} Rc7 {[%emt 0:00:10]} 23. Rhc1 {[%emt 0:00:16]} Ke7 {[%emt 0:00:19]} 24. g3 {[%emt 0:00:05]} b4 {[%emt 0:00:09]} 25. axb4 {[%emt 0:00:02]} axb4 {[%emt 0:00:03]} 26. cxb4 {[%emt 0:00:22]} c3+ {[%emt 0:00:07]} 27. Kc2 {[%emt 0:00:09]} Nxb4+ {[%emt 0:00:41]} 28. Kb3 {[%emt 0:00:12]} Rb8 {[%emt 0:01:55]} 29. Rxc3 {[%emt 0:00:09]} Bd5+ {[%emt 0:00:12]} 30. Kb2 {[%emt 0:00:13]} Na2+ {[%emt 0:00:10] Kc1 [%clk 0:00:13] Nb4} 0-1

[Event "Kupreichik Memorial Open 2018"]
[Site "Minsk"]
[Date "2018.06.21"]
[Round "4"]
[White "Ustiugov, Boris"]
[Black "Runets, Ivan"]
[Result "0-1"]
[WhiteElo "1614"]
[BlackElo "2027"]
[Annotator "NA"]
[PlyCount "96"]
[EventDate "2018.06.21"]
[EventCountry "BLR"]
[SourceTitle "playchess.com"]
[Source "ChessBase"]
[SourceQuality "1"]
[TimeControl "900+10"]

1. d4 {[%emt 0:00:00]} Nf6 {[%emt 0:00:02]} 2. Nc3 {[%emt 0:00:00]} d5 {[%emt 0:00:03]} 3. Bg5 {[%emt 0:00:05]} Bf5 {[%emt 0:00:09]} 4. e3 {[%emt 0:00:22]} e6 {[%emt 0:00:06]} 5. Bd3 {[%emt 0:00:11]} Bg6 {[%emt 0:00:02]} 6. f3 {[%emt 0:00:09]} Be7 {[%emt 0:00:57]} 7. Bh4 {[%emt 0:00:14]} O-O {[%emt 0:00:37]} 8. Nge2 {[%emt 0:00:07]} c5 {[%emt 0:00:13]} 9. O-O {[%emt 0:00:30]} Nc6 {[%emt 0:00:11]} 10. a3 {[%emt 0:00:32]} Nd7 {[%emt 0:00:20]} 11. Bf2 {[%emt 0:00:15]} cxd4 {[%emt 0:00:13]} 12. exd4 {[%emt 0:00:08]} Bf6 {[%emt 0:00:15]} 13. Bxg6 {[%emt 0:00:23]} hxg6 {[%emt 0:00:01]} 14. Qd2 {[%emt 0:00:18]} Rc8 {[%emt 0:00:17]} 15. Rac1 {[%emt 0:00:02]} Qe7 {[%emt 0:00:53]} 16. Rfe1 {[%emt 0:00:34]} Nb6 {[%emt 0:00:04]} 17. Rcd1 {[%emt 0:00:23]} Bg5 {[%emt 0:01:11]} 18. f4 {[%emt 0:00:07]} Bf6 {[%emt 0:00:01]} 19. Kh1 {[%emt 0:01:20]} Na5 {[%emt 0:00:59]} 20. Qc1 {[%emt 0:00:43]} Nac4 {[%emt 0:00:11]} 21. Rd3 {[%emt 0:01:44]} Bh4 {[%emt 0:01:31]} 22. g3 {[%emt 0:00:38]} Bf6 {[%emt 0:00:02]} 23. Ng1 {[%emt 0:00:13]} Rc6 {[%emt 0:02:16]} 24. Nf3 {[%emt 0:00:06]} Rfc8 {[%emt 0:00:04]} 25. Ne5 {[%emt 0:00:09]} Bxe5 {[%emt 0:00:09]} 26. fxe5 {[%emt 0:00:58]} Nxa3 {[%emt 0:00:33]} 27. bxa3 {[%emt 0:02:18]} Rxc3 {[%emt 0:00:03]} 28. Rxc3 {[%emt 0:00:15]} Rxc3 {[%emt 0:00:01]} 29. Re3 {[%emt 0:00:24]} Qc7 {[%emt 0:00:11]} 30. Re2 {[%emt 0:00:26]} Qc4 {[%emt 0:00:15]} 31. Rd2 {[%emt 0:00:15]} Qa2 {[%emt 0:00:09]} 32. Qd1 {[%emt 0:01:04]} Nc4 {[%emt 0:00:05]} 33. Re2 {[%emt 0:00:06]} Nxa3 {[%emt 0:00:27]} 34. Bg1 {[%emt 0:00:56]} Rxc2 {[%emt 0:00:14]} 35. Re3 {[%emt 0:00:23]} Nc4 {[%emt 0:00:11]} 36. Rf3 {[%emt 0:00:27]} Qb2 {[%emt 0:00:37]} 37. Qd3 {[%emt 0:01:57]} a5 {[%emt 0:00:27]} 38. Rf1 {[%emt 0:00:26]} Qc3 {[%emt 0:00:35]} 39. Qd1 {[%emt 0:00:33]} Qd2 {[%emt 0:00:12]} 40. Qf3 {[%emt 0:00:11]} Qe2 {[%emt 0:00:45]} 41. Qxf7+ {[%emt 0:00:23]} Kh7 {[%emt 0:00:01]} 42. Rf2 {[%emt 0:00:06]} Qe4+ {[%emt 0:00:02]} 43. Qf3 {[%emt 0:01:11]} Qxf3+ {[%emt 0:00:03]} 44. Rxf3 {[%emt 0:00:01]} a4 {[%emt 0:00:02]} 45. Rf7 {[%emt 0:00:24]} Rb2 {[%emt 0:00:17]} 46. Re7 {[%emt 0:00:02]} a3 {[%emt 0:00:02]} 47. Re8 {[%emt 0:00:31]} a2 {[%emt 0:00:21]} 48. Ra8 {[%emt 0:00:02]} b5 {[%emt 0:00:03]} 0-1

[Event "Kupreichik Memorial Open 2018"]
[Site "Minsk"]
[Date "2018.06.21"]
[Round "4"]
[White "Halouchyts, Karalina"]
[Black "Gavrjuchenkova, Angelina"]
[Result "1/2-1/2"]
[WhiteElo "1603"]
[BlackElo "1900"]
[Annotator "NA"]
[PlyCount "67"]
[EventDate "2018.06.21"]
[EventCountry "BLR"]
[SourceTitle "playchess.com"]
[Source "ChessBase"]
[SourceQuality "1"]
[TimeControl "900+10"]

1. e4 {[%emt 0:00:00]} e5 {[%emt 0:00:03]} 2. Nf3 {[%emt 0:00:00]} Nc6 {[%emt 0:00:01]} 3. Bb5 {[%emt 0:00:00]} a6 {[%emt 0:00:02]} 4. Ba4 {[%emt 0:00:00]} b5 {[%emt 0:00:03]} 5. Bb3 {[%emt 0:00:01]} Bc5 {[%emt 0:01:23]} 6. O-O {[%emt 0:00:48]} Nf6 {[%emt 0:00:13]} 7. Re1 {[%emt 0:00:53]} Ng4 {[%emt 0:02:10]} 8. Re2 {[%emt 0:01:04]} O-O {[%emt 0:00:33]} 9. h3 {[%emt 0:00:20]} Nxf2 {[%emt 0:00:51]} 10. Rxf2 {[%emt 0:00:14]} Bxf2+ {[%emt 0:00:12]} 11. Kxf2 {[%emt 0:00:04]} Nd4 {[%emt 0:00:46]} 12. d3 {[%emt 0:01:18]} Nxb3 {[%emt 0:01:12]} 13. axb3 {[%emt 0:00:08]} d5 {[%emt 0:00:54]} 14. Nc3 {[%emt 0:01:05]} dxe4 {[%emt 0:00:44]} 15. dxe4 {[%emt 0:00:20]} Qf6 {[%emt 0:02:54]} 16. Qd5 {[%emt 0:03:39]} Be6 {[%emt 0:00:44]} 17. Qxe5 {[%emt 0:01:31]} Qxe5 {[%emt 0:00:20]} 18. Nxe5 {[%emt 0:00:05]} f5 {[%emt 0:00:02]} 19. Kg1 {[%emt 0:03:47]} fxe4 {[%emt 0:00:08]} 20. Be3 {[%emt 0:02:35]} Rae8 {[%emt 0:01:15]} 21. Nc6 {[%emt 0:00:19]} Bd7 {[%emt 0:00:30]} 22. Nd4 {[%emt 0:00:12]} c5 {[%emt 0:00:56]} 23. Nde2 {[%emt 0:00:09]} b4 {[%emt 0:00:29]} 24. Nd5 {[%emt 0:00:11]} Bb5 {[%emt 0:00:13]} 25. Re1 {[%emt 0:00:15]} Rf5 {[%emt 0:00:40]} 26. Nc7 {[%emt 0:00:04]} Ref8 {[%emt 0:00:30]} 27. Nxb5 {[%emt 0:00:12]} axb5 {[%emt 0:00:01]} 28. Ng3 {[%emt 0:00:06]} Re5 {[%emt 0:00:16]} 29. Bf2 {[%emt 0:00:13]} Rfe8 {[%emt 0:00:11]} 30. Be3 {[%emt 0:00:10]} h6 {[%emt 0:00:09]} 31. Bf4 {[%emt 0:00:08]} R5e6 {[%emt 0:00:38]} 32. Be3 {[%emt 0:00:15]} Re5 {[%emt 0:00:02]} 33. Bf4 {[%emt 0:00:06]} R5e6 {[%emt 0:00:03]} 34. Be3 {[%emt 0:00:06]} 1/2-1/2

[Event "Kupreichik Memorial Open 2018"]
[Site "Minsk"]
[Date "2018.06.21"]
[Round "4"]
[White "Tkachou, Pavel"]
[Black "Kaliadzich, Maryia"]
[Result "1/2-1/2"]
[WhiteElo "1535"]
[BlackElo "2058"]
[Annotator "NA"]
[PlyCount "59"]
[EventDate "2018.06.21"]
[EventCountry "BLR"]
[SourceTitle "playchess.com"]
[Source "ChessBase"]
[SourceQuality "1"]
[TimeControl "900+10"]

1. d4 {[%emt 0:00:00]} d5 {[%emt 0:00:01]} 2. Nf3 {[%emt 0:00:00]} Nf6 {[%emt 0:00:01]} 3. g3 {[%emt 0:00:00]} Bf5 {[%emt 0:00:08]} 4. Bg2 {[%emt 0:00:00]} h6 {[%emt 0:00:05]} 5. c4 {[%emt 0:00:02]} e6 {[%emt 0:00:03]} 6. Nc3 {[%emt 0:00:13]} Be7 {[%emt 0:00:23]} 7. O-O {[%emt 0:00:51]} c6 {[%emt 0:00:09]} 8. Re1 {[%emt 0:00:19]} O-O {[%emt 0:00:36]} 9. Nh4 {[%emt 0:00:17]} Bh7 {[%emt 0:00:10]} 10. cxd5 {[%emt 0:02:03]} cxd5 {[%emt 0:00:24]} 11. Nf3 {[%emt 0:00:54]} Nc6 {[%emt 0:00:07]} 12. Ne5 {[%emt 0:00:12]} Nb4 {[%emt 0:00:41]} 13. e4 {[%emt 0:00:40]} Rc8 {[%emt 0:00:52]} 14. a3 {[%emt 0:00:12]} Nc6 {[%emt 0:00:14]} 15. exd5 {[%emt 0:00:07]} Nxd5 {[%emt 0:00:07]} 16. Nxd5 {[%emt 0:00:05]} exd5 {[%emt 0:00:05]} 17. Qg4 {[%emt 0:01:11]} f5 {[%emt 0:01:32]} 18. Qf3 {[%emt 0:03:27]} Nxd4 {[%emt 0:01:22]} 19. Qxd5+ {[%emt 0:00:14]} Qxd5 {[%emt 0:00:39]} 20. Bxd5+ {[%emt 0:00:01]} Kh8 {[%emt 0:00:02]} 21. Be3 {[%emt 0:01:08]} Nc2 {[%emt 0:00:59]} 22. Nf7+ {[%emt 0:00:09]} Rxf7 {[%emt 0:00:10]} 23. Bxf7 {[%emt 0:00:05]} Nxa1 {[%emt 0:00:13]} 24. Rxa1 {[%emt 0:00:04]} b6 {[%emt 0:00:26]} 25. Bd4 {[%emt 0:00:34]} Rd8 {[%emt 0:01:39]} 26. Bc3 {[%emt 0:00:10]} f4 {[%emt 0:00:41]} 27. Re1 {[%emt 0:01:34]} Bc5 {[%emt 0:01:28]} 28. gxf4 {[%emt 0:00:27]} Bf5 {[%emt 0:01:19]} 29. Re8+ {[%emt 0:00:09]} Rxe8 {[%emt 0:00:02]} 30. Bxe8 {[%emt 0:00:01]} 1/2-1/2

[Event "Kupreichik Memorial Open 2018"]
[Site "Minsk"]
[Date "2018.06.21"]
[Round "4"]
[White "Hurman, Pavel"]
[Black "Polovkov, Valery"]
[Result "0-1"]
[WhiteElo "1283"]
[BlackElo "1830"]
[Annotator "NA"]
[PlyCount "35"]
[EventDate "2018.06.21"]
[EventCountry "BLR"]
[SourceTitle "playchess.com"]
[Source "ChessBase"]
[SourceQuality "1"]
[TimeControl "900+10"]

1. e4 {[%emt 0:00:00]} b6 {[%emt 0:00:10]} 2. d4 {[%emt 0:00:00]} Bb7 {[%emt 0:00:02]} 3. Bd3 {[%emt 0:00:01]} e6 {[%emt 0:00:03]} 4. c3 {[%emt 0:00:12]} g6 {[%emt 0:00:07]} 5. Nf3 {[%emt 0:00:15]} Bg7 {[%emt 0:00:02]} 6. O-O {[%emt 0:00:06]} Ne7 {[%emt 0:00:02]} 7. Bg5 {[%emt 0:00:10]} h6 {[%emt 0:00:30]} 8. Bf4 {[%emt 0:00:08]} g5 {[%emt 0:00:27]} 9. Bg3 {[%emt 0:00:09]} d6 {[%emt 0:00:06]} 10. Re1 {[%emt 0:00:05]} Nd7 {[%emt 0:00:02]} 11. Nbd2 {[%emt 0:00:57]} a6 {[%emt 0:00:06]} 12. Nc4 {[%emt 0:00:39]} O-O {[%emt 0:01:59]} 13. Nfd2 {[%emt 0:00:18]} Ng6 {[%emt 0:01:22]} 14. Rf1 {[%emt 0:00:39]} Nf4 {[%emt 0:00:28]} 15. Bxf4 {[%emt 0:00:20]} gxf4 {[%emt 0:00:01]} 16. Qg4 {[%emt 0:00:57]} e5 {[%emt 0:00:10]} 17. dxe5 {[%emt 0:00:29]} dxe5 {[%emt 0:00:03]} 18. Bc2 {[%emt 0:00:06]} 0-1